| 000 | 00702nam a22002177a 4500 | ||
|---|---|---|---|
| 999 |
_c7188 _d7188 |
||
| 003 | AR-CdUCM | ||
| 008 | 190320b ||||| |||| 00| 0 spa d | ||
| 040 |
_aMUNICIPALIDAD PROVINCIAL DEL CUSCO _cBIBLIOTECA MUNICIPAL DEL CUSCO |
||
| 082 |
_a840.8 / _bR44 |
||
| 110 |
_aEst.Gráfico Esmeralda _920264 |
||
| 245 | _aLa resistencia de los intelectuales / | ||
| 260 |
_aBuenos Aires : _bEst.Gráfico Esmeralda, _c1945. |
||
| 300 |
_a95 páginas ; _bfotografías, _c17 cm. |
||
| 440 |
_aHoras de Francia _n9 _920265 |
||
| 500 | _aDonación de la familia Nieto. | ||
| 650 |
_aFrancia _91444 |
||
| 650 |
_aPoetas franceses _98378 |
||
| 650 |
_aTeatro y Cine _920266 |
||
| 942 |
_2ddc _cLIBROS |
||
| 945 | _araen | ||